000 00231 a2200109 4500
020 _a9788493588373
041 _aspa
100 _aBallaterra Musica
245 _aPablo Casals El coleccionista de pipa
942 _cBK
952 _71
999 _c23222
_d23222